Zürich: Gemeinden nach Einwohnerzahl - Statistiken

Allgemein
  • Dieses Quiz wurde 161 mal gespielt
  • Das Durchschnittsergebnis liegt bei 11 aus 15
Antwortstatistiken
Einwohnerzahl Bezirk Gemeinde % Korrekt
421'878 - Zürich
97%
114'220 - Winterthur
95%
35'337 - Uster
90%
21'998 - Bülach
89%
28'057 - Dietikon
84%
23'090 - Horgen
83%
29'907 Uster Dübendorf
82%
20'429 Bülach Kloten
78%
25'056 Hinwil Wetzikon
73%
24'832 Horgen Wädenswil
65%
19'881 Dietikon Schlieren
61%
20'954 Bülach Opfikon
55%
19'049 Horgen Adliswil
54%
18'568 Dielsdorf Regensdorf
49%
18'865 Uster Volketswil
45%
Keine übereinstimmenden Quizze gefunden
Verteilung der Resultate
Anzahl Personen mit jedem Resultat
Perzentil nach korrekt beantworteten Fragen
Ihre Resultats-Entwicklung
Sie haben dieses Quiz noch nicht gespielt